000 00485nam a22001697a 4500
003 OSt
005 20250122102731.0
008 241122b |||||||| |||| 00| 0 eng d
020 _a9782246834236
040 _aMMARA-U
_beng
_cMMARA-U
_dMMARA-U
050 _aFIC PQ 2702 .E587Q5 2023
100 _aBensahel Jean-Francois,
_92230
245 _aQui a tue spinoza ? /
_cJean-Francois Bensahel,
260 _aParis :
_bBernard Grasset,
_c2023.
300 _a213 pages;
942 _2lcc
_cFICTION
999 _c33205
_d33202